000 00245nam a2200097Ia 4500
001 704828
005 20250826162418.0
008 250824s9999 xx 000 0 und d
245 0 _aSEÇİLMİŞ ŞİİRLER
_cYUNUS EMRE
260 _bKÜLTÜR YAYINLARI
999 _c704828
_d704828